| 000 | 00471nam a2200193Ia 4500 | ||
|---|---|---|---|
| 008 | 210210b2004 xxu||||| |||| 00| 0 eng d | ||
| 041 | _aeng | ||
| 082 | _a279.54871 DIOD | ||
| 100 | _aDIOCESE OF MANGALORE. | ||
| 245 | _aDiocese of Mangalore: Directory-2004 | ||
| 260 |
_aMangalore _bBishops House _c2004 |
||
| 300 | _a139 | ||
| 650 | _aof | ||
| 650 | _aMangalore: | ||
| 650 | _aDirectory-2004 | ||
| 650 | _aDiocese | ||
| 690 | _aChristianity | ||
| 906 | _a059544 | ||
| 999 |
_c106822 _d106822 |
||